[Event "IND-ch U17 20th"]
[Site "Chakradharpur"]
[Date "2009.10.10"]
[Round "5"]
[White "Manigandan, SS."]
[Black "Sumit, Kumar"]
[Result "1/2-1/2"]
[WhiteElo "2048"]
[BlackElo "1797"]
[PlyCount "43"]
[EventDate "2009.10.07"]
[EventType "swiss"]
[EventRounds "11"]
[EventCountry "IND"]
[SourceTitle "CBM 132 Extra"]
[Source "ChessBase"]
[SourceDate "2009.11.03"]
[SourceVersion "1"]
[SourceVersionDate "2009.11.03"]
[SourceQuality "1"]

1. d4 d5 2. c4 Bf5 3. Nc3 e6 4. Qb3 Nc6 5. cxd5 exd5 6. e3 Nb4 7. e4 dxe4 8. Bc4 Bg6 9. Be3 Nf6 10. a3 Nd3+ 11. Bxd3 exd3 12. Qxb7 Bd6 13. Qc6+ Ke7 14. Nf3 Re8 15. Nh4 Kf8 16. Nxg6+ hxg6 17. 0-0-0 Rb8 18. Rxd3 Rb6 19. Qa4 Qb8 20. Nd1 Qb7 21. d5 Ra6 22. Qxa6 1/2-1/2

[Event "IND-ch U17 20th"]
[Site "Chakradharpur"]
[Date "2009.10.08"]
[Round "3"]
[White "Bitan, Banerjee"]
[Black "Sumit, Kumar"]
[Result "1/2-1/2"]
[WhiteElo "2306"]
[BlackElo "1797"]
[PlyCount "86"]
[EventDate "2009.10.07"]
[EventType "swiss"]
[EventRounds "11"]
[EventCountry "IND"]
[SourceTitle "CBM 132 Extra"]
[Source "ChessBase"]
[SourceDate "2009.11.03"]
[SourceVersion "1"]
[SourceVersionDate "2009.11.03"]
[SourceQuality "1"]

1. d4 d5 2. c4 e5 3. dxe5 d4 4. a3 Nc6 5. e3 dxe3 6. Qxd8+ Kxd8 7. Bxe3 Nxe5 8. Nf3 Nxf3+ 9. gxf3 Bf5 10. Nc3 Nf6 11. 0-0-0+ Kc8 12. Rg1 Rg8 13. Ne4 Be7 14. Ng5 Rf8 15. c5 h6 16. Ne4 Nxe4 17. fxe4 Bxe4 18. Bh3+ Kb8 19. Rd7 Bg5 20. Bxg5 hxg5 21. Rxg5 g6 22. Re5 Bc6 23. Rd2 a5 24. Re7 a4 25. Bd7 Ra6 26. Rd4 Bxd7 27. Rexd7 Rc6 28. R7d5 Rf6 29. f4 Ra6 30. Kc2 Rh8 31. Rd8+ Rxd8 32. Rxd8+ Ka7 33. Kc3 Rc6 34. Kb4 Re6 35. Rd4 Re2 36. Kc3 Rxh2 37. Rxa4+ Kb8 38. Re4 Kc8 39. a4 Kd7 40. b4 Rh3+ 41. Kc4 f6 42. Kb5 Rh4 43. Rd4+ Kc8 1/2-1/2